[Event "DEN-ch Blitz op"]
[Site "Avedore"]
[Date "2023.05.14"]
[Round "1"]
[White "Christensen, Janus"]
[Black "Olsen, Filip Boe"]
[Result "0-1"]
[WhiteElo "2141"]
[BlackElo "2424"]
[PlyCount "50"]
[EventDate "2023.05.14"]
[EventType "swiss (blitz)"]
[EventRounds "13"]
[EventCountry "DEN"]
[SourceTitle "CBM 214 Extra"]
[Source "ChessBase"]
[SourceDate "2023.07.31"]
[SourceVersion "1"]
[SourceVersionDate "2023.07.31"]
[SourceQuality "1"]

1. e4 c6 2. d4 d5 3. f3 e6 4. Nc3 Bb4 5. Bf4 Nf6 6. Qd3 b5 7. Nge2 Ba6 8. Qe3 Be7 9. Ng3 Qa5 10. Bd3 c5 11. e5 cxd4 12. Qxd4 Nc6 13. Qf2 Nd7 14. 0-0 Bc5 15. Be3 d4 16. Nh5 dxe3 17. Qe2 Nd4 18. Qe1 g6 19. Nf6+ Nxf6 20. exf6 e2 21. Rf2 Nf5 22. Bxf5 gxf5 23. Qxe2 Bxf2+ 24. Kxf2 Qb6+ 25. Ke1 Qg1+ 0-1

[Event "Titled Tuesday intern op 7th April"]
[Site "Chess.com INT"]
[Date "2020.04.07"]
[Round "7"]
[White "Christensen, Janus"]
[Black "Doluhanova, Evgeniya"]
[Result "1/2-1/2"]
[WhiteElo "2091"]
[BlackElo "2229"]
[PlyCount "122"]
[EventDate "2020.04.07"]
[EventType "swiss (blitz)"]
[EventRounds "10"]
[EventCountry "USA"]
[SourceTitle "EXT 2021"]
[Source "ChessBase"]
[SourceDate "2020.10.23"]
[SourceVersion "1"]
[SourceVersionDate "2020.10.23"]
[SourceQuality "1"]

1. e4 e5 2. Nf3 Nc6 3. c3 Nf6 4. d4 Nxe4 5. d5 Ne7 6. Nxe5 d6 7. Qa4+ c6 8. dxc6 bxc6 9. Nxc6 Nc5 10. Qb5 Nxc6 11. Qxc6+ Bd7 12. Qf3 Be7 13. Bc4 0-0 14. 0-0 Rc8 15. Bd5 Bb5 16. c4 Ba6 17. Nc3 Bf6 18. Bd2 Ne6 19. Be3 Bxc3 20. bxc3 Bxc4 21. Bxc4 Rxc4 22. Bxa7 Qa5 23. Bd4 Nxd4 24. cxd4 Rxd4 25. Qb3 h6 26. Rfd1 Rxd1+ 27. Rxd1 Re8 28. g3 Re1+ 29. Rxe1 Qxe1+ 30. Kg2 Qe4+ 31. Qf3 Qa4 32. Qb3 Qa8+ 33. f3 d5 34. a4 d4 35. Kf2 d3 36. Ke3 g6 37. Qxd3 Qxa4 38. Qd8+ Kh7 39. Qd4 Qb3+ 40. Qd3 Qe6+ 41. Qe4 Qb6+ 42. Qd4 Qb3+ 43. Qd3 Qe6+ 44. Qe4 Qh3 45. Qh4 Qxh4 46. gxh4 Kg7 47. Kf4 Kf6 48. h3 h5 49. Ke4 Ke6 50. Kf4 f6 51. Ke4 Kd6 52. Kd4 Ke6 53. Ke4 f5+ 54. Kd4 Kd6 55. f4 Ke6 56. Kc5 Ke7 57. Kd5 Kf7 58. Kd6 Kf6 59. Kd5 Kf7 60. Kd6 Kf6 61. Kd5 Kf7 1/2-1/2

[Event "Titled Tuesday intern op 7th April"]
[Site "Chess.com INT"]
[Date "2020.04.07"]
[Round "1"]
[White "Christensen, Janus"]
[Black "Musovic, Armin"]
[Result "0-1"]
[WhiteElo "2091"]
[BlackElo "2219"]
[PlyCount "80"]
[EventDate "2020.04.07"]
[EventType "swiss (blitz)"]
[EventRounds "10"]
[EventCountry "USA"]
[SourceTitle "EXT 2021"]
[Source "ChessBase"]
[SourceDate "2020.10.23"]
[SourceVersion "1"]
[SourceVersionDate "2020.10.23"]
[SourceQuality "1"]

1. e4 c6 2. d4 d5 3. f3 e6 4. Nc3 Nf6 5. e5 Nfd7 6. f4 c5 7. Nf3 a6 8. a4 cxd4 9. Nxd4 Nc6 10. Be3 Bc5 11. Qd2 Nxd4 12. Bxd4 Bxd4 13. Qxd4 Qb6 14. Qxb6 Nxb6 15. a5 Nd7 16. b4 f6 17. exf6 0-0 18. Bd3 Nxf6 19. 0-0 Bd7 20. Ne2 Rac8 21. Nd4 g6 22. Rae1 Rfe8 23. Nb3 Rc3 24. Nc5 Bc8 25. h3 Kg7 26. Re5 Kf7 27. Rfe1 Rxc5 28. bxc5 Nd7 29. R5e3 Nxc5 30. f5 Nxd3 31. fxg6+ hxg6 32. Rxd3 Bd7 33. Rf3+ Kg7 34. Ref1 Re7 35. g4 e5 36. Rf6 Be6 37. g5 Bxh3 38. Rb1 Bf5 39. Rbb6 Bxc2 40. Rfd6 Be4 0-1

[Event "Titled Tuesday intern op 7th April"]
[Site "Chess.com INT"]
[Date "2020.04.07"]
[Round "3"]
[White "Panda, Vedic"]
[Black "Christensen, Janus"]
[Result "1-0"]
[WhiteElo "2069"]
[BlackElo "2091"]
[PlyCount "81"]
[EventDate "2020.04.07"]
[EventType "swiss (blitz)"]
[EventRounds "10"]
[EventCountry "USA"]
[SourceTitle "EXT 2021"]
[Source "ChessBase"]
[SourceDate "2020.10.23"]
[SourceVersion "1"]
[SourceVersionDate "2020.10.23"]
[SourceQuality "1"]

1. e4 e6 2. d4 d5 3. Nc3 Nf6 4. e5 Nfd7 5. f4 c5 6. Nf3 Nc6 7. Be3 cxd4 8. Nxd4 Bc5 9. Qd2 Nxd4 10. Bxd4 Bxd4 11. Qxd4 Qb6 12. 0-0-0 0-0 13. g3 f6 14. exf6 Rxf6 15. Bg2 Qxd4 16. Rxd4 Nb6 17. Re1 Bd7 18. Bh3 Rh6 19. Bg4 Rxh2 20. Bxe6+ Bxe6 21. Rxe6 Kf7 22. Re5 Rh1+ 23. Nd1 Re8 24. Rxe8 Kxe8 25. b3 Ke7 26. Kb2 Rg1 27. Ne3 Ke6 28. g4 Rg3 29. Rd3 d4 30. f5+ Ke5 31. f6 dxe3 32. Rxe3+ Rxe3 33. fxg7 Nd5 34. g8Q Re4 35. g5 b5 36. a3 a5 37. Qh8+ Kf5 38. Qxh7+ Kf4 39. Qf7+ Ke5 40. g6 b4 41. g7 1-0

[Event "Titled Tuesday intern op1 4th Febr"]
[Site "Chess.com INT"]
[Date "2020.02.04"]
[Round "2"]
[White "Christensen, Janus"]
[Black "Mago Perez, Victor Manuel"]
[Result "0-1"]
[WhiteElo "2091"]
[BlackElo "2148"]
[PlyCount "78"]
[EventDate "2020.02.04"]
[EventType "swiss (blitz)"]
[EventRounds "10"]
[EventCountry "USA"]
[SourceTitle "EXT 2021"]
[Source "ChessBase"]
[SourceDate "2020.10.23"]
[SourceVersion "1"]
[SourceVersionDate "2020.10.23"]
[SourceQuality "1"]

1. e4 c5 2. Nf3 d6 3. d4 cxd4 4. Nxd4 Nf6 5. Nc3 a6 6. Bg5 e6 7. f4 h6 8. Bxf6 Qxf6 9. Qd2 Nc6 10. Nxc6 bxc6 11. 0-0-0 Qd8 12. Bc4 Be7 13. Kb1 Rb8 14. Bb3 d5 15. f5 0-0 16. g4 exf5 17. exd5 cxd5 18. Qxd5 fxg4 19. Qe5 Bd7 20. Nd5 Bg5 21. Nc7 Qc8 22. Nxa6 Qxa6 23. Rxd7 Qf6 24. Qd5 Rbd8 25. Rd1 Rxd7 26. Qxd7 h5 27. a4 Qe5 28. Rf1 Bf6 29. c3 Qxh2 30. a5 Qe2 31. Rxf6 gxf6 32. a6 Qf1+ 33. Ka2 Qxa6+ 34. Kb1 Kg7 35. Qf5 Rh8 36. Qd5 Qf1+ 37. Bd1 Qf4 38. c4 Qg5 39. Qd3 g3 0-1

[Event "Titled Tuesday intern op1 4th Febr"]
[Site "Chess.com INT"]
[Date "2020.02.04"]
[Round "3"]
[White "Manukian, Artak"]
[Black "Christensen, Janus"]
[Result "1-0"]
[WhiteElo "2196"]
[BlackElo "2091"]
[PlyCount "37"]
[EventDate "2020.02.04"]
[EventType "swiss (blitz)"]
[EventRounds "10"]
[EventCountry "USA"]
[SourceTitle "EXT 2021"]
[Source "ChessBase"]
[SourceDate "2020.10.23"]
[SourceVersion "1"]
[SourceVersionDate "2020.10.23"]
[SourceQuality "1"]

1. e4 e6 2. d4 d5 3. e5 c5 4. c3 Nc6 5. Nf3 Qb6 6. a3 Nh6 7. b4 cxd4 8. cxd4 Nf5 9. Bb2 a5 10. b5 h5 11. Qa4 Na7 12. Bd3 Bd7 13. Nc3 g6 14. 0-0 Rc8 15. Rfc1 Bh6 16. Rc2 0-0 17. Bxf5 gxf5 18. Qb3 Nxb5 19. a4 1-0

[Event "Rilton Cup 49th"]
[Site "Stockholm"]
[Date "2019.12.27"]
[Round "1"]
[White "Ippolito, Dean"]
[Black "Christensen, Janus"]
[Result "1-0"]
[WhiteElo "2356"]
[BlackElo "2095"]
[PlyCount "83"]
[EventDate "2019.12.27"]
[EventType "swiss"]
[EventRounds "9"]
[EventCountry "SWE"]
[SourceTitle "CBM 194 Extra"]
[Source "ChessBase"]
[SourceDate "2020.03.31"]
[SourceVersion "1"]
[SourceVersionDate "2020.03.31"]
[SourceQuality "1"]

1. d4 e6 2. c4 f5 3. g3 Nf6 4. Bg2 Bb4+ 5. Nd2 0-0 6. Ngf3 d6 7. 0-0 Bxd2 8. Qxd2 a5 9. b3 Ne4 10. Qc2 Nc6 11. a3 Qf6 12. Bb2 Ne7 13. Ne1 Qg6 14. Nd3 Bd7 15. Nf4 Qh6 16. Bxe4 fxe4 17. Qxe4 Rae8 18. Rad1 g5 19. Ng2 Qh3 20. Ne3 Rf6 21. Qg4 Qh6 22. d5 Rg6 23. dxe6 Bxe6 24. Qd4 Nc6 25. Qh8+ Kf7 26. Qc3 Bh3 27. Rfe1 Qh5 28. c5 Ne5 29. cxd6 cxd6 30. Qxa5 Bd7 31. Qd5+ Ree6 32. Qxb7 Rh6 33. Nf1 Ke7 34. Rc1 Qh3 35. Rc7 Ref6 36. Bxe5 dxe5 37. Qg2 Qh5 38. Qd5 Rd6 39. Qxe5+ Kd8 40. Ra7 Rhe6 41. Ra8+ Bc8 42. Qa5+ 1-0

[Event "Titled Tuesday intern op 2nd July"]
[Site "Chess.com INT"]
[Date "2019.07.02"]
[Round "9"]
[White "Christensen, Janus"]
[Black "Burke, Paul"]
[Result "1-0"]
[WhiteElo "2132"]
[BlackElo "1827"]
[PlyCount "49"]
[EventDate "2019.07.02"]
[EventType "swiss (blitz)"]
[EventRounds "10"]
[EventCountry "USA"]
[SourceTitle "EXT 2021"]
[Source "ChessBase"]
[SourceDate "2020.10.23"]
[SourceVersion "1"]
[SourceVersionDate "2020.10.23"]
[SourceQuality "1"]

1. e4 e5 2. Nf3 Nc6 3. c3 Be7 4. d4 exd4 5. cxd4 d6 6. Nc3 Bg4 7. Be2 Nf6 8. 0-0 0-0 9. Be3 d5 10. e5 Ne4 11. Qb3 Nxc3 12. bxc3 b6 13. Rfe1 h6 14. Qa4 Na5 15. Nd2 Bxe2 16. Rxe2 Qe8 17. Qc2 Qc6 18. f4 Nc4 19. Nxc4 Qxc4 20. f5 Bg5 21. Bxg5 hxg5 22. f6 c5 23. Qd2 cxd4 24. Qxg5 g6 25. Qh6 1-0

[Event "Titled Tuesday intern op 2nd July"]
[Site "Chess.com INT"]
[Date "2019.07.02"]
[Round "1"]
[White "Stoleriu, George"]
[Black "Christensen, Janus"]
[Result "1-0"]
[WhiteElo "2360"]
[BlackElo "2132"]
[PlyCount "77"]
[EventDate "2019.07.02"]
[EventType "swiss (blitz)"]
[EventRounds "10"]
[EventCountry "USA"]
[SourceTitle "EXT 2021"]
[Source "ChessBase"]
[SourceDate "2020.10.23"]
[SourceVersion "1"]
[SourceVersionDate "2020.10.23"]
[SourceQuality "1"]

1. e4 c5 2. Nc3 e6 3. Nf3 Nc6 4. d4 cxd4 5. Nxd4 Bb4 6. Nxc6 bxc6 7. Bd3 Ne7 8. Qg4 0-0 9. 0-0 Bxc3 10. bxc3 d5 11. e5 Ng6 12. Qg3 f5 13. Ba3 Rf7 14. f4 Qb6+ 15. Kh1 c5 16. Qf2 Rc7 17. Bc1 Ba6 18. Be3 Bxd3 19. cxd3 Rb8 20. h3 h6 21. Rfb1 Qxb1+ 22. Rxb1 Rxb1+ 23. Kh2 Rcb7 24. Bxc5 R1b2 25. Qg3 Kh7 26. h4 Rxa2 27. h5 Nh8 28. Bf8 Rf7 29. Bd6 Rb7 30. c4 dxc4 31. dxc4 Rbb2 32. c5 Rc2 33. Qf3 a5 34. c6 a4 35. c7 Rab2 36. Qa8 a3 37. c8Q Rxc8 38. Qxc8 a2 39. Qa8 1-0

[Event "Titled Tuesday intern op 4th June"]
[Site "Chess.com INT"]
[Date "2019.06.04"]
[Round "10"]
[White "Christensen, Janus"]
[Black "Frisk Kockum, Anton"]
[Result "1-0"]
[WhiteElo "2132"]
[BlackElo "2405"]
[PlyCount "81"]
[EventDate "2019.06.04"]
[EventType "swiss (blitz)"]
[EventRounds "10"]
[EventCountry "USA"]
[SourceTitle "EXT 2021"]
[Source "ChessBase"]
[SourceDate "2020.10.23"]
[SourceVersion "1"]
[SourceVersionDate "2020.10.23"]
[SourceQuality "1"]

1. e4 e6 2. d4 d5 3. Nc3 Bb4 4. a3 Bxc3+ 5. bxc3 dxe4 6. Qg4 Nf6 7. Qxg7 Rg8 8. Qh6 Rg6 9. Qd2 c5 10. g3 Nc6 11. Bb2 Bd7 12. 0-0-0 Qa5 13. Ne2 0-0-0 14. Nf4 Rgg8 15. Bc4 Kb8 16. Nxe6 Bxe6 17. Bxe6 fxe6 18. Qf4+ e5 19. Qxf6 exd4 20. cxd4 cxd4 21. Qf4+ Ka8 22. Qxe4 Rge8 23. Qh4 d3 24. Rxd3 Rxd3 25. cxd3 Re2 26. Rd1 Qc5+ 27. Qc4 Qxf2 28. Qc3 Qxh2 29. d4 a6 30. d5 Ne5 31. Qc8+ Ka7 32. Bd4+ b6 33. Qc7+ Ka8 34. Bxe5 Qh6+ 35. Kb1 Qg6+ 36. Ka1 Qe8 37. Qc6+ Qxc6 38. dxc6 Rxe5 39. Rd8+ Ka7 40. c7 Re1+ 41. Kb2 1-0

[Event "Titled Tuesday intern op 4th June"]
[Site "Chess.com INT"]
[Date "2019.06.04"]
[Round "3"]
[White "Christensen, Janus"]
[Black "Kretchetov, Alexandre"]
[Result "0-1"]
[WhiteElo "2132"]
[BlackElo "2216"]
[PlyCount "52"]
[EventDate "2019.06.04"]
[EventType "swiss (blitz)"]
[EventRounds "10"]
[EventCountry "USA"]
[SourceTitle "EXT 2021"]
[Source "ChessBase"]
[SourceDate "2020.10.23"]
[SourceVersion "1"]
[SourceVersionDate "2020.10.23"]
[SourceQuality "1"]

1. e4 e5 2. Nf3 Nc6 3. c3 d6 4. d4 Be7 5. Bb5 Bd7 6. 0-0 Nf6 7. Re1 0-0 8. Bxc6 Bxc6 9. dxe5 Nxe4 10. Nd4 dxe5 11. Nxc6 bxc6 12. Qa4 f5 13. Qxc6 Bc5 14. Be3 Bxe3 15. fxe3 Rf6 16. Qc4+ Kh8 17. Na3 Rb8 18. Rad1 Qe7 19. b4 h6 20. Nb5 c6 21. Na3 Rbf8 22. Rd3 Rg6 23. g3 Qg5 24. Kg2 Nxg3 25. h4 Qh5 26. Kh3 Rg4 0-1

[Event "Titled Tuesday intern op 4th June"]
[Site "Chess.com INT"]
[Date "2019.06.04"]
[Round "9"]
[White "Turgut, Tansel"]
[Black "Christensen, Janus"]
[Result "0-1"]
[WhiteElo "2294"]
[BlackElo "2132"]
[PlyCount "82"]
[EventDate "2019.06.04"]
[EventType "swiss (blitz)"]
[EventRounds "10"]
[EventCountry "USA"]
[SourceTitle "EXT 2021"]
[Source "ChessBase"]
[SourceDate "2020.10.23"]
[SourceVersion "1"]
[SourceVersionDate "2020.10.23"]
[SourceQuality "1"]

1. d4 d5 2. Bf4 Bf5 3. e3 e6 4. c4 Bb4+ 5. Nc3 c6 6. Qb3 Qa5 7. a3 Bxc3+ 8. Qxc3 Qxc3+ 9. bxc3 Nf6 10. f3 0-0 11. g4 Bg6 12. h4 h5 13. g5 Nfd7 14. Nh3 Re8 15. cxd5 cxd5 16. Kd2 Nc6 17. Bd3 Bxd3 18. Kxd3 e5 19. Bg3 Rac8 20. Rab1 Na5 21. Rb5 e4+ 22. fxe4 dxe4+ 23. Ke2 b6 24. Rc1 Nc4 25. a4 g6 26. Nf2 Re6 27. Bf4 a6 28. Rb4 f5 29. gxf6 Nxf6 30. Rg1 Nd5 31. Rc1 Nxb4 32. cxb4 b5 33. axb5 axb5 34. Ra1 Nb2 35. Kf1 Nd3 36. Ra5 Nxf4 37. exf4 e3 38. Nd3 e2+ 39. Kf2 Rc1 40. Ne1 Rc4 41. Rxb5 Rxd4 0-1

[Event "Titled Tuesday intern op 5th March"]
[Site "Chess.com INT"]
[Date "2019.03.05"]
[Round "5"]
[White "Ongut, Tamas Gunes"]
[Black "Christensen, Janus"]
[Result "1-0"]
[WhiteElo "2197"]
[BlackElo "2099"]
[PlyCount "91"]
[EventDate "2019.03.05"]
[EventType "swiss (blitz)"]
[EventRounds "10"]
[EventCountry "USA"]
[SourceTitle "EXT 2021"]
[Source "ChessBase"]
[SourceDate "2020.10.23"]
[SourceVersion "1"]
[SourceVersionDate "2020.10.23"]
[SourceQuality "1"]

1. e4 Nf6 2. e5 Nd5 3. d4 b5 4. Bxb5 c5 5. Bc4 cxd4 6. Bxd5 Qa5+ 7. c3 Qxd5 8. Nf3 Qe4+ 9. Kf1 Ba6+ 10. Kg1 Be2 11. Qxd4 Bxf3 12. gxf3 Qxf3 13. Qf4 Qd1+ 14. Kg2 Qd5+ 15. Qf3 Qxf3+ 16. Kxf3 Nc6 17. Ke4 0-0-0 18. Bf4 d5+ 19. exd6 exd6 20. c4 Be7 21. Nc3 Rhe8 22. Kd3 Nb4+ 23. Kd2 d5 24. cxd5 Nxd5 25. Nxd5 Rxd5+ 26. Kc2 Kb7 27. Rad1 Red8 28. Be3 Bf6 29. Rxd5 Rxd5 30. b3 Rd6 31. Rd1 Rxd1 32. Kxd1 Be5 33. h3 a6 34. Ke2 f5 35. Kd3 Kc6 36. Bd4 Kd5 37. Bxe5 Kxe5 38. b4 Kd5 39. f4 h6 40. h4 g6 41. a3 Kc6 42. Kd4 Kd6 43. a4 Kc6 44. Ke5 Kd7 45. Kf6 g5 46. hxg5 1-0

[Event "Titled Tuesday intern op 2nd Febr"]
[Site "Chess.com INT"]
[Date "2019.02.05"]
[Round "2"]
[White "Christensen, Janus"]
[Black "Alboredo, Julia"]
[Result "1-0"]
[WhiteElo "2093"]
[BlackElo "2212"]
[PlyCount "61"]
[EventDate "2019.02.05"]
[EventType "swiss (blitz)"]
[EventRounds "10"]
[EventCountry "USA"]
[SourceTitle "EXT 2021"]
[Source "ChessBase"]
[SourceDate "2020.10.23"]
[SourceVersion "1"]
[SourceVersionDate "2020.10.23"]
[SourceQuality "1"]

1. e4 c5 2. Nf3 d6 3. d4 cxd4 4. Nxd4 Nf6 5. Nc3 g6 6. f4 Nc6 7. Nxc6 bxc6 8. Bc4 Bg7 9. e5 Bg4 10. exf6 Bxd1 11. fxg7 Rg8 12. Nxd1 d5 13. Bd3 Rxg7 14. 0-0 e6 15. Be3 Qa5 16. Bd4 Rg8 17. c3 c5 18. Be5 Ke7 19. b4 cxb4 20. cxb4 Qxb4 21. Rb1 Qc5+ 22. Kh1 Rgd8 23. Rb7+ Rd7 24. Bf6+ Ke8 25. Bb5 Kf8 26. Bxd7 Qc4 27. Bb5 Qc2 28. Ne3 Qd2 29. Ng4 Rc8 30. Ne5 Rc1 31. Rb8+ 1-0

[Event "DEN-ch cand"]
[Site "Skorping"]
[Date "2017.04.17"]
[Round "7"]
[White "Christensen, Janus"]
[Black "Petersen, Steen Brustrup"]
[Result "1/2-1/2"]
[WhiteElo "2212"]
[BlackElo "2131"]
[PlyCount "102"]
[EventDate "2017.04.11"]
[EventType "swiss"]
[EventRounds "7"]
[EventCountry "DEN"]
[SourceTitle "EXT 2018"]
[Source "ChessBase"]
[SourceDate "2017.10.13"]
[SourceVersion "1"]
[SourceVersionDate "2017.10.13"]
[SourceQuality "1"]

1. d4 d5 2. c4 c6 3. Nf3 Nf6 4. g3 e6 5. Bg2 a6 6. 0-0 b5 7. c5 Nbd7 8. Nc3 Be7 9. Bf4 h6 10. Ne5 Nxe5 11. Bxe5 Nd7 12. f4 f5 13. Bxg7 Rh7 14. Be5 Nxe5 15. fxe5 Kd7 16. b4 a5 17. a3 Bg5 18. Qd3 Bb7 19. g4 axb4 20. axb4 Rxa1 21. Rxa1 Rf7 22. Nxb5 cxb5 23. Qxb5+ Ke7 24. Qxb7+ Kf8 25. Qc6 Be3+ 26. Kh1 Qh4 27. Rf1 fxg4 28. Qxe6 Rxf1+ 29. Bxf1 Qf2 30. Qf6+ Qxf6 31. exf6 Bxd4 32. Bg2 Kf7 33. c6 Bb6 34. Bxd5+ Kxf6 35. Kg2 Bc7 36. Bc4 Ke5 37. b5 Kf4 38. Bf7 Bb6 39. e3+ Kg5 40. Kf2 h5 41. Ke2 h4 42. Kd3 Kf6 43. Bd5 Ke5 44. Bg2 Bc7 45. Kc4 Bb6 46. c7 Bxc7 47. Kc5 h3 48. Bb7 Kf5 49. Bc8+ Ke4 50. Bxg4 Kxe3 51. Bxh3 Bxh2 1/2-1/2

[Event "DEN-ch cand"]
[Site "Skorping"]
[Date "2017.04.12"]
[Round "2"]
[White "Aabling Thomsen, Jakob"]
[Black "Christensen, Janus"]
[Result "1-0"]
[WhiteElo "2384"]
[BlackElo "2212"]
[PlyCount "71"]
[EventDate "2017.04.11"]
[EventType "swiss"]
[EventRounds "7"]
[EventCountry "DEN"]
[SourceTitle "EXT 2018"]
[Source "ChessBase"]
[SourceDate "2017.10.13"]
[SourceVersion "1"]
[SourceVersionDate "2017.10.13"]
[SourceQuality "1"]

1. Nf3 d5 2. g3 c6 3. Bg2 Nf6 4. 0-0 Bf5 5. d3 h6 6. Nbd2 Nbd7 7. Re1 e6 8. e4 dxe4 9. dxe4 Bh7 10. e5 Nd5 11. a3 Nc5 12. Nd4 Be7 13. Qg4 0-0 14. b4 Nd7 15. N2b3 Kh8 16. c4 N5b6 17. Na5 Qc7 18. f4 Rad8 19. Be3 a6 20. Nxb7 Nxc4 21. Nxd8 Nxe3 22. N8xe6 fxe6 23. Rxe3 Qb6 24. Rd1 Bf5 25. Qe2 Nb8 26. Kh1 Rd8 27. Nxf5 Rxd1+ 28. Qxd1 exf5 29. Rc3 a5 30. b5 cxb5 31. Rc8+ Kh7 32. Qd5 Qe3 33. Qg8+ Kg6 34. Qe6+ Bf6 35. Qe8+ Kh7 36. exf6 1-0